000 00289nam a22001337a 4500
008 171027b xxu||||| |||| 00| 0 eng d
020 _a9780324322309
041 _aeng
080 _29 ED
_a336
100 _a56
101 _aFIN
245 _aBASIC FINANCE
_cMAYO.H.B
942 _2udc
_cBK
999 _c36236
_d36236